000 00399nam a2200169Ia 4500
008 230524s9999 xx 000 0 und d
020 _a9789350140567
082 _a5.73
_bAGA
100 _aUdit Agarwal
_941979
245 0 _aData Structures Using C
250 _a2
260 _aNew Delhi
_bKatson
_c2012
300 _a546p;
500 _aQuantity Number: 1
650 _aComp-Sc
942 _cBK
999 _c56394
_d56394